[Event "6th Sinquefield Cup GCT 2018"]
[Site "Saint Louis"]
[Date "2018.08.25"]
[Round "7"]
[White "Vachier-Lagrave, Maxime"]
[Black "Nakamura, Hikaru"]
[Result "1/2-1/2"]
[WhiteElo "2779"]
[BlackElo "2777"]
[Annotator "TA"]
[PlyCount "109"]
[EventDate "2018.08.18"]
[EventType "tourn"]
[EventCountry "USA"]
[SourceTitle "playchess.com"]
[Source "ChessBase"]
[SourceQuality "1"]

{[%evp 15,109,27,40,32,33,33,37,23,35,25,18,29,18,24,35,24,31,30,33,30,27,25,36,41,33,34,73,74,73,67,72,76,72,72,66,29,33,33,43,39,43,28,62,32,39,34,39,28,43,16,17,5,13,0,0,0,0,0,0,0,0,0,0,-74,-74,-74,-74,-74,-74,-74,-74,-74,-74,-74,-74,-74,-12,-12,0,-15,-15,-16,0,-13,0,-103,-103,-103,-103,-103,-103,-103,0,-103,0,-103]} 1. e4 e5 2. Nf3 Nc6 3. Bc4 Bc5 4. c3 Nf6 5. d3 O-O 6. O-O d5 7. exd5 Nxd5 8. a4 {C54: Giuoco Piano: 4 c3 Nf6, main lines with 5 d4 and 5 d3} Bf5 {LiveBook: 10 Games} 9. Nbd2 Nb6 10. Bb5 {White is slightly better.} Bxd3 $146 ({Predecessor:} 10... Ne7 11. Ne4 a6 12. Nxc5 axb5 13. a5 Na4 14. Nxa4 Rxa5 15. Nxe5 Ng6 16. Nxg6 hxg6 {½-½ (30) Fressinet,L (2657)-Adams,M (2738) Douglas 2017}) 11. Re1 $1 {[#] Nb3 is the strong threat.} e4 $1 {[%mdl 512]} 12. Nxe4 Bxe4 13. Qxd8 Rfxd8 14. Rxe4 {Threatens to win with a5.} Rd1+ 15. Re1 Rxe1+ 16. Nxe1 a6 17. Be2 Nd5 18. Nd3 Ba7 19. a5 Re8 20. Kf1 Ne5 21. Nxe5 Rxe5 22. Ra3 Nf6 23. Bf3 c6 24. Rb3 Re7 25. Rb4 h6 26. h4 Kf8 27. g4 Nd5 28. Ra4 Bb8 29. g5 (29. Bxd5 $5 cxd5 30. Bf4 Bxf4 31. Rxf4 $14) 29... hxg5 30. Bxg5 f6 31. Bd2 Rd7 32. h5 f5 33. Rh4 Kg8 34. c4 Nf6 35. Bc3 Kh7 36. Bxf6 gxf6 $11 {[%mdl 4096] Endgame KRB-KRB} 37. h6 Be5 38. Bg2 Kg6 39. h7 (39. b4 $11) 39... Rxh7 $17 40. Rxh7 Kxh7 {KB-KB} 41. b4 Bc3 42. b5 axb5 43. cxb5 cxb5 44. Bxb7 Bxa5 45. Ke2 b4 ({Better is} 45... Bc7 $17) 46. Kd3 $11 b3 {[%cal Bb4b3,Bb3b2][%mdl 32]} 47. Bd5 b2 48. Kc2 {[#]} Bc3 $1 {[%mdl 512]} 49. f3 (49. Kxc3 b1=Q) 49... Be5 {White should prevent ...f4.} 50. Kb1 {[#]} (50. f4 $1 $11 {was the only way to keep the balance.}) 50... f4 $1 $17 51. Ba8 Kh8 52. Bd5 Kg7 53. Ba8 Kh8 54. Bd5 $1 Kg7 55. Ba8 $1 {Precision: White = 72%, Black = 54%.} 1/2-1/2

[Event "6th Sinquefield Cup GCT 2018"]
[Site "Saint Louis"]
[Date "2018.08.25"]
[Round "7"]
[White "Karjakin, Sergey"]
[Black "Mamedyarov, Shakhriyar"]
[Result "1/2-1/2"]
[WhiteElo "2773"]
[BlackElo "2801"]
[Annotator "TA"]
[PlyCount "111"]
[EventDate "2018.08.18"]
[EventType "tourn"]
[EventCountry "USA"]
[SourceTitle "playchess.com"]
[Source "ChessBase"]
[SourceQuality "1"]

{[%evp 24,111,37,35,29,41,54,58,53,35,43,47,57,56,52,52,56,17,56,17,10,18,15,13,14,8,10,16,14,0,20,14,15,0,11,0,0,0,0,0,0,0,13,0,0,0,23,23,23,23,23,23,33,13,13,16,24,20,56,56,54,65,77,61,61,63,77,77,77,77,77,77,77,0,0,0,23,0,23,0,0,0,0,0,0,0,0,0,0,0]} 1. e4 c5 2. Nf3 d6 3. d4 cxd4 4. Nxd4 Nf6 5. Nc3 a6 6. h3 e6 7. g4 h6 8. Bg2 g5 9. Be3 {B81: Sicilian Scheveningen: Keres Attack} Nbd7 10. Qe2 Ne5 11. O-O-O Nfd7 12. h4 Rg8 13. hxg5 {LiveBook: 3 Games} hxg5 14. Kb1 b5 15. f4 (15. a3 Bb7 16. Bc1 Rc8 {0-1 (48) Dominguez Perez,L (2739)-Kasparov,G (2812) Saint Louis 2017}) 15... gxf4 16. Bxf4 Bb7 ({Much worse is} 16... Rxg4 $6 {[#]} 17. Nc6 $1 $16 {[%mdl 512]}) 17. g5 {[#]} Qb6 $146 ({Predecessor:} 17... Qa5 18. Rh7 O-O-O 19. a3 Kb8 20. Qf2 Rc8 21. Na2 Ka8 {½-½ (21) Kasimdzhanov,R (2681)-Sasikiran,K (2679) Evry 2008}) 18. Rh7 O-O-O 19. Be3 Qa5 $1 {Black wants to play ...b4.} 20. Rf1 {Black should prevent Rfxf7.} Rg7 21. Rxg7 Bxg7 22. g6 Nxg6 23. Rxf7 Bxd4 $1 24. Bxd4 {next Bh3 is good for White.} Nge5 25. Rf2 Qb4 26. Be3 Nc4 {[%csl Gc4][%cal Rb4b2] [#]} 27. Bc1 Kb8 28. Nd1 Rc8 29. b3 {aiming for c3.} Na3+ 30. Bxa3 $1 Qxa3 31. Bh3 Nc5 32. e5 Be4 33. Qe3 Nd3 34. Rf7 {[%csl Gf7][%cal Re3a7]} Qc5 35. Qxc5 Nxc5 36. exd6 Rd8 37. Nc3 {b4 is the strong threat.} Rxd6 38. Kb2 Bc6 39. a3 Nb7 40. Rh7 Nc5 41. Rh6 Kc7 42. b4 Ne4 43. Rxe6 Rxe6 44. Bxe6 Nxc3 45. Kxc3 $16 {[%mdl 4096] Endgame KB-KB} Kb6 46. Kd4 a5 47. Bd5 Be8 48. bxa5+ (48. c3 $16) 48... Kxa5 $11 49. Kc5 Bg6 50. c3 Bd3 51. Bc6 Be2 {The position is equal.} 52. Bd7 Bd3 53. Bc6 Be2 54. Bd7 Bd3 55. Bc6 Be2 56. Bd7 {Precision: White = 63%, Black = 73%.} 1/2-1/2

[Event "6th Sinquefield Cup GCT 2018"]
[Site "Saint Louis"]
[Date "2018.08.25"]
[Round "7"]
[White "Anand, Viswanathan"]
[Black "Grischuk, Alexander"]
[Result "1/2-1/2"]
[WhiteElo "2768"]
[BlackElo "2766"]
[Annotator "TA"]
[PlyCount "64"]
[EventDate "2018.08.18"]
[EventType "tourn"]
[EventCountry "USA"]
[SourceTitle "playchess.com"]
[Source "ChessBase"]
[SourceQuality "1"]

{[%evp 21,64,19,19,16,16,0,0,0,0,0,0,0,0,11,14,2,4,0,0,0,0,0,0,0,0,0,0,0,5,0,0,0,0,0,0,0,0,0,0,0,0,0,0,0,0]} 1. e4 e5 2. Nf3 Nc6 3. Bc4 Bc5 4. O-O Nf6 5. d3 d6 6. c3 a6 7. a4 {C54: Giuoco Piano: 4 c3 Nf6, main lines with 5 d4 and 5 d3} Ba7 (7... O-O 8. h3 h6 9. Re1 Re8 10. Nbd2 Be6 11. Bxe6 Rxe6 12. b4 Ba7 13. Qc2 Qd7 14. Nf1 d5 15. Ng3 Rd8 16. exd5 Qxd5 {½-½ (63) Carlsen,M (2834)-Kramnik,V (2787) Wijk aan Zee 2018}) 8. Re1 O-O 9. h3 h6 10. Nbd2 Re8 11. Nf1 Be6 {LiveBook: 11 Games. The position is equal.} 12. Bxe6 Rxe6 13. Be3 Bxe3 14. Nxe3 d5 15. Qc2 a5 16. Rad1 $146 ({Predecessor:} 16. Re2) 16... Qd7 17. Qb3 {[%cal Re4d5]} Rd8 18. exd5 ({Don't go for} 18. Qxb7 $2 Rb8 $19) 18... Nxd5 19. d4 (19. Ng4 {keeps more tension.} Qd6 20. g3 b6 21. Kg2 Qe7 22. Ne3) 19... exd4 20. Nxd5 {[#] Rxe6 is the strong threat.} Qxd5 21. Qxb7 Rxe1+ $1 22. Rxe1 dxc3 23. bxc3 Qd6 24. Qb5 g6 25. Nd4 Nxd4 26. cxd4 $11 {[%mdl 4096] Endgame KQR-KQR} Qb4 27. Re8+ Rxe8 28. Qxe8+ Kg7 29. Qe5+ Kg8 30. Qe8+ Kg7 31. Qe5+ Kg8 32. Qe8+ Kg7 {Precision: White = 52%, Black = 91%.} 1/2-1/2

[Event "6th Sinquefield Cup GCT 2018"]
[Site "Saint Louis"]
[Date "2018.08.25"]
[Round "7"]
[White "Aronian, Levon"]
[Black "So, Wesley"]
[Result "1/2-1/2"]
[WhiteElo "2767"]
[BlackElo "2780"]
[Annotator "TA"]
[PlyCount "112"]
[EventDate "2018.08.18"]
[EventType "tourn"]
[EventCountry "USA"]
[SourceTitle "playchess.com"]
[Source "ChessBase"]
[SourceQuality "1"]

{[%evp 24,112,-10,-20,-4,-15,0,0,-6,-8,0,0,25,22,25,4,31,37,37,39,33,31,26,26,27,28,26,30,34,8,17,17,33,18,25,2,2,2,2,2,49,41,41,22,19,22,60,2,2,1,10,10,19,18,41,41,41,41,41,41,41,41,41,41,41,41,41,41,41,41,41,41,41,41,41,41,41,41,41,41,41,41,41,41,41,41,41,41,41,41,41]} 1. d4 Nf6 2. c4 e6 3. Nf3 d5 4. g3 Be7 5. Bg2 O-O 6. O-O dxc4 7. Qc2 a6 8. a4 Bd7 9. Qxc4 Bc6 10. Bf4 Bd6 {E05: Open Catalan: 5 Nf3 Be7} 11. Nc3 Bxf4 12. gxf4 a5 13. e3 {[#] LiveBook: 3 Games} Nbd7 $146 ({Predecessor:} 13... Na6 14. Rac1 Nb4 15. Rfd1 Ra6 16. Qe2 Nbd5 17. Nb5 Ne7 18. Nd2 Bxg2 19. Kxg2 {½-½ (26) Ivanchuk,V (2710)-Dominguez Perez,L (2723) Varadero 2016}) 14. Kh1 Ra6 15. Rg1 Rb6 16. Qe2 Ne4 17. Qc2 f5 18. Nxe4 Bxe4 19. Qc3 Bxf3 20. Bxf3 Nf6 21. Qxa5 Rxb2 22. Rg2 Nd5 23. Bxd5 exd5 24. Qc3 Rb6 $1 25. a5 Rb5 26. Rg5 Rf6 27. Qc2 g6 28. h4 {[%cal Bh2h4,Bh4h5][%mdl 32]} Qe7 29. h5 Qe4+ 30. Qxe4 dxe4 $11 {[%mdl 4096] Endgame KRR-KRR} 31. Rgg1 c5 32. dxc5 Rxc5 33. Rab1 Rxa5 34. Rxb7 Rfa6 35. Rbb1 (35. Rc1 $14 Ra1 36. Rxa1 Rxa1+ 37. Kg2) 35... Kg7 36. Kg2 Ra7 37. Rh1 h6 38. Kg3 R5a6 39. Kh4 {White is slightly better.} gxh5 40. Kxh5 Rg6 41. Rhg1 Rxg1 42. Rxg1+ $14 {KR-KR} Kh7 43. Rg6 Ra1 $1 {[%cal Ra1h1] [#]} 44. Rxh6+ Kg7 {White must now prevent ...Rh1+.} 45. Rb6 {And now Kg5 would win.} Rg1 $1 46. Kh4 (46. Ra6 {is more complex.} Kf7 47. Ra2 Kf6 48. Kh4 Rg4+ 49. Kh3) 46... Kf7 47. Kh3 Rg8 48. Kh2 Ke7 49. Rh6 Kf7 50. Rh3 Kf6 51. Rg3 (51. Kh1 {feels hotter.} Rb8 52. Rh5 Rb2 53. Kg2 Ra2 54. Rh6+) 51... Rh8+ 52. Kg2 Ra8 53. Rh3 Rg8+ 54. Kf1 Ra8 55. Rh6+ Ke7 56. Rc6 Ra1+ {Precision: White = 74%, Black = 63%.} 1/2-1/2

[Event "6th Sinquefield Cup GCT 2018"]
[Site "Saint Louis"]
[Date "2018.08.26"]
[Round "8"]
[White "Caruana, Fabiano"]
[Black "Anand, Viswanathan"]
[Result "1/2-1/2"]
[WhiteElo "2822"]
[BlackElo "2768"]
[Annotator "TA"]
[PlyCount "78"]
[EventDate "2018.08.18"]
[EventType "tourn"]
[EventCountry "USA"]
[SourceTitle "playchess.com"]
[Source "ChessBase"]
[SourceQuality "1"]

{[%evp 24,78,23,22,26,28,31,22,23,17,34,15,27,39,40,21,39,44,45,45,45,39,56,56,70,51,60,29,71,68,70,0,0,0,0,0,0,0,0,0,0,0,0,0,0,0,0,0,2,4,16,0,7,0,0,0,0]} 1. d4 Nf6 2. c4 e6 3. Nf3 d5 4. Nc3 Be7 5. Bf4 O-O 6. e3 c5 7. dxc5 Bxc5 8. cxd5 Nxd5 9. Nxd5 exd5 10. Bd3 Bb4+ {D37: Queen's Gambit Declined: 5 Bf4} 11. Nd2 Nc6 (11... d4 12. e4 Na6 13. O-O Nc5 14. Nb3 Be6 15. Nxc5 Bxc5 16. Qe2 Rc8 17. Bd2 Re8 18. Kh1 {0-1 (51) Caruana,F (2822)-Nakamura,H (2777) Saint Louis 2018}) 12. O-O Be7 13. a3 {LiveBook: 5 Games} g6 14. Rc1 Bf6 15. b4 Qe7 {[#]} 16. Nf3 $146 ({Predecessor:} 16. Bb5 Ne5 17. Nb3 Bg4 18. f3 {½-½ (63) Bindrich,F (2598)-Zatonskih,A (2424) Douglas 2017}) 16... Rd8 17. h3 Ne5 18. Nxe5 Bxe5 19. Qd2 a5 20. bxa5 Bxf4 21. exf4 Qxa3 22. Ra1 Qd6 23. Rfb1 Qf6 24. Ra2 Rd6 25. Rc2 Rc6 26. Rxc6 bxc6 27. Qb4 ({Better is} 27. Bf1 $14) 27... Qd8 $11 {The position is equal.} 28. Ra1 {Black must now prevent a6.} Ba6 29. Bxa6 Rxa6 {[%mdl 4096] Endgame KQR-KQR} 30. f5 d4 31. fxg6 hxg6 32. Rd1 Rxa5 {Threatens to win with ...c5.} 33. Rxd4 Rd5 34. Re4 Rd1+ 35. Kh2 Qd6+ 36. Qxd6 Rxd6 37. Re7 Rd2 38. Rc7 Rxf2 39. Rxc6 Ra2 {Precision: White = 70%, Black = 69%.} 1/2-1/2

[Event "6th Sinquefield Cup GCT 2018"]
[Site "Saint Louis"]
[Date "2018.08.26"]
[Round "8"]
[White "Mamedyarov, Shakhriyar"]
[Black "Carlsen, Magnus"]
[Result "1/2-1/2"]
[WhiteElo "2801"]
[BlackElo "2842"]
[Annotator "TA"]
[PlyCount "116"]
[EventDate "2018.08.18"]
[EventType "tourn"]
[EventCountry "USA"]
[SourceTitle "playchess.com"]
[Source "ChessBase"]
[SourceQuality "1"]

{[%evp 11,116,18,15,9,10,16,20,27,25,30,33,24,15,16,30,39,32,26,35,22,31,16,16,16,16,12,20,14,16,2,19,19,19,14,14,0,0,0,0,0,0,0,0,0,0,-14,-16,-12,0,0,0,0,0,-8,0,0,0,0,0,0,0,0,0,0,0,0,0,0,0,-7,-7,-49,0,0,0,-12,-12,-22,-12,-14,-12,-22,0,-45,-45,-45,-45,-45,-45,-45,-23,-23,-23,-23,-23,-23,-23,-23,-23,-23,0,-23,0,-23,0,-23,0]} 1. d4 Nf6 2. c4 g6 3. Nf3 Bg7 4. g3 c6 5. Bg2 d5 6. Nbd2 a5 {LiveBook: 3 Games. D73: Fianchetto Grünfeld: 5 Nf3} 7. b3 a4 8. Ba3 axb3 {The position is equal.} 9. axb3 O-O 10. O-O Re8 11. e3 Bf5 12. Qe2 {[#] Hoping for Bxe7!} Na6 $146 ({Predecessor:} 12... Nbd7 13. cxd5 cxd5 14. h3 {0-1 (33) Wojtaszek,R (2734)-Ivanchuk,V (2726) Berlin 2015}) 13. Ne5 Ne4 14. cxd5 cxd5 15. Nxe4 Bxe4 16. Bxe4 dxe4 17. Qb5 Rb8 $1 18. Qc4 Bxe5 19. dxe5 Qd3 20. Rac1 Qxc4 21. Rxc4 b5 22. Rc6 ({But not} 22. Rxe4 b4 $15) 22... Ra8 $1 {Threatens to win with ...Nb8.} 23. Rfc1 Nb8 24. Rc8 Kf8 25. Bb4 {R1c7 is the strong threat.} Na6 26. Rxa8 Rxa8 $11 {[%mdl 4096] Endgame KRB-KRN} 27. Ba5 Ke8 28. Rc6 Kd7 29. Rb6 $1 Nc5 30. b4 Nd3 {[#]} 31. e6+ $1 {[%mdl 512]} fxe6 32. Rxb5 Rc8 33. Rb7+ Kd6 34. b5 Rc1+ 35. Kg2 Rc2 36. Kg1 g5 37. Rb8 Rb2 ({Much worse is} 37... Nxf2 $6 38. Rd8+ Ke5 39. b6 $16) 38. Rd8+ Kc5 39. b6 Rb5 40. Kg2 g4 41. h3 h5 42. hxg4 hxg4 43. Bc3 e5 44. Rg8 Kc4 45. Rc8+ Kd5 46. Rd8+ Kc5 47. Rc8+ (47. Rg8 {keeps more tension.}) 47... Kxb6 48. Rb8+ Kc5 49. Rxb5+ Kxb5 $15 {KB-KN} 50. Kf1 Ka4 (50... Kc6 {seems wilder.} 51. Be1 Kd6 52. Ke2 Ke6 53. Bd2 Kf6) 51. Ke2 e6 52. Kf1 Kb3 53. Ba5 Kc2 54. Ke2 Nc1+ 55. Ke1 Nd3+ 56. Ke2 Nc1+ 57. Ke1 Nd3+ 58. Ke2 Nc1+ {Precision: White = 67%, Black = 65%.} 1/2-1/2

[Event "6th Sinquefield Cup GCT 2018"]
[Site "Saint Louis"]
[Date "2018.08.26"]
[Round "8"]
[White "Vachier-Lagrave, Maxime"]
[Black "Aronian, Levon"]
[Result "1/2-1/2"]
[WhiteElo "2779"]
[BlackElo "2767"]
[Annotator "TA"]
[PlyCount "82"]
[EventDate "2018.08.18"]
[EventType "tourn"]
[EventCountry "USA"]
[SourceTitle "playchess.com"]
[Source "ChessBase"]
[SourceQuality "1"]

{[%evp 20,82,24,0,16,12,18,9,20,0,7,10,5,11,12,12,16,0,0,-25,-24,-12,-14,-26,0,0,0,0,0,0,0,0,0,0,0,0,0,0,0,0,0,0,0,0,0,0,0,0,0,0,0,0,0,0,0,0,0,0,0,0,0,0,0,0,0]} 1. e4 e5 2. Nf3 Nc6 3. Bb5 Nf6 4. O-O Nxe4 5. d4 Nd6 6. Bxc6 dxc6 7. dxe5 Nf5 8. Qxd8+ Kxd8 9. Rd1+ Ke8 10. Nc3 {[%cal Bb1c3,Bc3e2,Be2d4][%mdl 32]} Be7 11. Ne2 {LiveBook: 11 Partien. C67: Spanische Partie (Berliner Verteidigung)} Nh4 12. Nxh4 Bxh4 13. Nd4 $146 ({Vorgänger:} 13. Be3 Be7 14. a4 h5 15. a5 h4 16. Nd4 Rh5 17. a6 Rxe5 18. Bf4 Rd5 {½-½ (59) Vachier Lagrave,M (2796)-So,W (2812) Paris 2017}) 13... a6 14. Bf4 c5 15. Ne2 Bf5 16. c4 Rd8 17. Nc3 Rd7 18. Be3 b6 19. Nd5 Kd8 20. g3 Be7 $1 21. a3 Bc2 22. Rd2 {Die Stellung ist ausgeglichen.} Bb3 23. Rc1 a5 24. Rc3 a4 25. e6 fxe6 26. Nxe7 Kxe7 27. Bg5+ Ke8 28. Rcd3 $1 {[%cal Rd3d7]} Rxd3 29. Rxd3 $11 {[%mdl 4096] [#] Endspiel Droht stark Td8+. KTL-KTL} Rf8 30. Rd8+ Kf7 31. Rxf8+ Kxf8 {KL-KL} 32. Bd8 Bxc4 33. Bxc7 b5 34. Bd6+ Kf7 35. Bxc5 e5 36. f3 Bd5 37. Kf2 g6 38. Bb4 Bc6 39. Bc5 Bd5 40. Bb4 Bc6 41. Bc5 Bb7 {Precision: Weiß = 72%, Schwarz = 78%.} 1/2-1/2

[Event "6th Sinquefield Cup GCT 2018"]
[Site "Saint Louis"]
[Date "2018.08.26"]
[Round "8"]
[White "Nakamura, Hikaru"]
[Black "Karjakin, Sergey"]
[Result "1/2-1/2"]
[WhiteElo "2777"]
[BlackElo "2773"]
[Annotator "TA"]
[PlyCount "83"]
[EventDate "2018.08.18"]
[EventType "tourn"]
[EventCountry "USA"]
[SourceTitle "playchess.com"]
[Source "ChessBase"]
[SourceQuality "1"]

{[%evp 25,83,0,-11,-7,-10,0,-22,-29,16,24,17,18,59,60,29,21,8,0,0,0,0,0,0,0,0,0,0,0,0,0,0,-8,0,0,0,0,0,0,0,0,0,0,0,0,0,0,0,0,0,0,0,0,0,0,0,0,0,0,0,0]} 1. d4 Nf6 2. c4 e6 3. Nf3 d5 4. g3 Bb4+ 5. Bd2 Be7 6. Bg2 O-O 7. O-O Nbd7 8. Nc3 c6 9. Bf4 dxc4 10. e4 Re8 {E07: Closed Catalan: Main Line (5 Nf3 0-0 6 0-0 Nbd7)} 11. a4 b6 12. d5 exd5 13. exd5 Bb7 $1 {[%cal Rf6d5] [#] LiveBook: 3 Games} 14. a5 $1 {[%mdl 512]} bxa5 {[%cal Rc6d5]} 15. d6 Bf8 16. Nd2 {[#]} Nd5 $146 ({Predecessor:} 16... Nb6 17. Nde4 Nxe4 18. Nxe4 {1-0 (40) Zontakh,A (2521)-Grigoryan,A (2616) Legnica 2013}) 17. Nxd5 cxd5 {[#]} 18. Nxc4 $1 {[%mdl 512]} dxc4 19. Bxb7 Rb8 20. Bd5 Ne5 {The position is equal.} 21. d7 Qxd7 22. Rxa5 Rbd8 {White must now prevent ...Bb4.} 23. Bxe5 $1 Bb4 24. Ra4 a5 25. Bc3 $1 {[%cal Rc3b4]} Bxc3 26. bxc3 Qxd5 27. Qxd5 Rxd5 28. Rxc4 $11 {[%mdl 4096] Endgame KRR-KRR} Ra8 29. Ra1 Kf8 30. Raa4 Ra7 31. Rc8+ Ke7 32. c4 Re5 33. h4 Kd6 34. Kg2 h5 35. Rd8+ Ke7 36. Rc8 g6 37. Rb8 Kd6 38. Rb6+ Kc5 39. Rb5+ Kd6 {Strongly threatening ...Rxb5.} 40. Rb6+ Kc5 41. Rb5+ Kd6 {Hoping for ...Rxb5.} 42. Rb6+ {Precision: White = 73%, Black = 84%.} 1/2-1/2

[Event "6th Sinquefield Cup GCT 2018"]
[Site "Saint Louis"]
[Date "2018.08.26"]
[Round "8"]
[White "Grischuk, Alexander"]
[Black "So, Wesley"]
[Result "1/2-1/2"]
[WhiteElo "2766"]
[BlackElo "2780"]
[Annotator "TA"]
[PlyCount "70"]
[EventDate "2018.08.18"]
[EventType "tourn"]
[EventCountry "USA"]
[SourceTitle "playchess.com"]
[Source "ChessBase"]
[SourceQuality "1"]

{[%evp 13,70,0,0,0,0,-5,0,0,1,12,26,28,39,32,31,7,8,2,4,8,5,0,0,-17,-18,-16,-17,-17,-18,-39,0,-6,0,-87,-92,-81,-85,-119,-103,-98,-102,-83,-79,-100,-79,-85,-67,-129,0,0,0,0,0,0,0,0,0,0,0]} 1. f4 Nf6 2. Nf3 b6 3. b3 Bb7 4. e3 g6 5. Bb2 Bg7 6. g3 O-O 7. Bg2 c5 {LiveBook: 6 Games} 8. c4 {A02: Bird's Opening} (8. O-O d6 9. a4 a6 10. Qe2 Qc7 11. d3 Nc6 12. e4 b5 13. axb5 axb5 14. Nc3 b4 15. Na4 Nd7 16. Bxg7 Kxg7 17. Qe3 Nb6 18. Nxb6 Qxb6 {½-½ (18) Gajic,M (2362)-Drazic,S (2411) Novi Sad 2018}) 8... d5 9. O-O Nc6 $146 ({Predecessor:} 9... e6 10. Qe2 Nc6 11. d3 Qe7 12. Nbd2 Rfd8 13. Rad1 a5 14. Ne5 a4 15. Ndf3 axb3 16. axb3 Ra2 17. Nxc6 Bxc6 18. Bxf6 Rxe2 19. Bxe7 Re8 20. Bd6 {1-0 (20) Hoffmann,H (2236)-Gerhardt,P (2122) Boeblingen 2001}) 10. Qe2 Rc8 11. d3 d4 12. exd4 Nxd4 13. Nxd4 Bxg2 14. Kxg2 {[#] Hoping for Nf3.} cxd4 15. Na3 Nd7 16. Nc2 Nc5 17. f5 Qd7 $36 {[%mdl 2048] Black has some pressure.} 18. g4 b5 {[#] White must now prevent ...bxc4.} 19. Ba3 a5 20. Bxc5 Rxc5 21. Rae1 bxc4 (21... Bf6 {feels hotter.} 22. Kh1 gxf5 23. gxf5 bxc4 24. bxc4 Kh8) 22. bxc4 gxf5 {...Re5 is the strong threat.} 23. gxf5 (23. Qxe7 $11 {keeps the balance.} Qxe7 24. Rxe7) 23... Rxf5 $17 24. Rxf5 Qxf5 25. Qf3 Qg5+ 26. Kh1 Kh8 27. Rg1 Qh6 28. Qd5 Qd2 29. Nxd4 Qxa2 30. Qe4 ({White should try} 30. Nc6 $15) 30... Qb2 (30... Qf2 $17 31. Nf5 Bf6) 31. Nf5 $1 $11 {The position is equal.} Be5 {[%csl Ge5][%cal Rb2h2]} 32. Rg2 Qc1+ 33. Rg1 Qb2 {[%csl Ge5][%cal Rb2h2]} 34. Rg2 Qc1+ 35. Rg1 Qb2 {Precision: White = 49%, Black = 59%.} 1/2-1/2

[Event "6th Sinquefield Cup GCT 2018"]
[Site "Saint Louis"]
[Date "2018.08.27"]
[Round "9"]
[White "Carlsen, Magnus"]
[Black "Nakamura, Hikaru"]
[Result "1-0"]
[WhiteElo "2842"]
[BlackElo "2777"]
[Annotator "TA"]
[PlyCount "193"]
[EventDate "2018.08.18"]
[EventType "tourn"]
[EventCountry "USA"]
[SourceTitle "playchess.com"]
[Source "ChessBase"]
[SourceQuality "1"]

{[%evp 22,193,12,19,20,22,24,18,31,18,14,10,22,14,41,39,24,19,54,56,71,64,83,42,52,33,28,0,28,20,61,61,55,48,49,13,3,0,0,0,36,35,10,25,50,43,50,29,29,14,14,0,6,0,0,0,0,0,11,14,29,29,34,29,29,29,29,29,36,43,43,29,29,29,29,29,36,21,28,0,43,22,22,14,15,14,17,22,22,22,50,50,50,50,50,50,50,50,50,50,50,50,50,50,77,77,77,77,77,77,77,77,337,337,337,337,330,330,330,330,330,330,330,330,330,330,330,323,323,323,323,308,308,308,308,269,643,645,621,555,667,673,657,647,627,206,715,694,727,727,718,685,681,681,595,568,727,673,903,1112,1093,1012,4702,4622,3825,996,29961,29964,29958,29958,29954,29953,12798,9063]} 1. Nf3 Nf6 2. d4 e6 3. c4 d5 4. Nc3 Be7 5. Bf4 O-O 6. e3 b6 7. Bd3 dxc4 {D37: Queen's Gambit Declined: 5 Bf4} 8. Bxc4 Ba6 9. Qe2 Bxc4 10. Qxc4 c5 11. dxc5 bxc5 12. O-O {LiveBook: 3 Games} Nc6 13. Rac1 {[#]} Rc8 $146 ({Predecessor:} 13... Qa5 14. Rfd1 Rfd8 15. a3 {½-½ (40) Dreev,A (2664)-Zherebukh,Y (2595) Las Vegas 2016}) 14. Ne5 Qb6 15. Nxc6 Rxc6 16. b3 h6 17. Rfd1 Qb7 18. h3 Rfc8 19. Na4 Nd7 20. Rd2 Nb6 21. Nxb6 $1 Rxb6 22. Rcd1 Bf6 23. Rd7 Qa6 24. Qe4 {Be5 is the strong threat.} e5 25. Bxh6 Re8 26. Qg4 {Black must now prevent e4.} (26. Qd5 $6 Rf8 $15) 26... Qxa2 27. e4 {Hoping for R7d6.} Qxb3 28. Be3 Rb7 29. R7d6 {Threatens to win with Rxf6.} Be7 30. R6d5 Bf8 31. Bxc5 Bxc5 32. Rxc5 Qe6 33. Qe2 Rd7 34. Rxd7 Qxd7 $14 {[%mdl 4096] Endgame KQR-KQR} 35. Rd5 Qc7 36. Qd2 Ra8 37. Rd7 Qc4 38. f3 Qc5+ 39. Kh2 Qc6 40. Rd6 Qc5 41. Ra6 Qe7 42. Qe3 Kh7 43. Kg3 Qb7 44. Qa3 f6 45. Kh2 Qc7 46. Qa1 Qb7 47. Qa5 Qd7 48. Qa2 Qe7 49. Qf2 Qb7 50. Qa2 Qe7 51. Qd5 Rb8 52. Qa5 Rb7 53. Qe1 Qd7 54. Qh4+ Kg8 55. Qf2 Qf7 56. Qa2 Qxa2 57. Rxa2 {KR-KR} Kh7 58. Ra6 Kg6 59. h4 {[%cal Bh3h4,Bh4h5][%mdl 32]} Kh5 60. Kh3 Rf7 61. g4+ Kh6 62. Kg3 g5 63. h5 Kg7 64. Kf2 Rb7 65. Ra3 Kh6 66. Ke3 a5 $2 {[%mdl 8192]} (66... Rd7 $16 {might work better.}) 67. Rxa5 $18 Rb3+ 68. Kf2 Rb2+ 69. Kg3 Kg7 70. Ra7+ Kg8 71. Ra1 Kg7 72. Rf1 Ra2 73. Rf2 Ra3 74. Rd2 Ra7 75. Kf2 Kf7 76. Ke2 Rb7 77. Rd3 Ra7 78. Kd2 Ke6 $2 (78... Rc7 79. Rd8 Kg7) 79. Kc3 Ke7 80. Kc4 Rc7+ 81. Kb5 Rc1 82. Rb3 Kf7 83. Kb6 Rc2 $2 (83... Kf8 84. Kb5 Kf7) 84. Kb7 Rc1 85. Kb8 Kg8 86. Rb6 Kg7 87. Rb7+ Kg8 {intending ...Rc3.} 88. Rc7 Rb1+ 89. Kc8 Rb3 90. Kd7 Rxf3 91. Ke6 Rf4 92. h6 Kh8 93. Rb7 Kg8 94. Rg7+ Kh8 {[#]} 95. Kf7 $1 Rxe4 {[#]} 96. Kg6 $1 ({Weaker is} 96. Kxf6 Rxg4 97. Kg6 (97. Rxg5 Rxg5 98. Kxg5 Kh7 $11) (97. Kxe5 Rh4 $11) 97... Ra4 $11) 96... Ra4 97. Rh7+ {Precision: White = 80%, Black = 47%.} 1-0